Compendium of watercolour techniques: over 200 tips, techniques and trade secrets (Record no. 38075)
[ view plain ]
| 000 -LEADER | |
|---|---|
| fixed length control field | 00662nam a2200169 a 4500 |
| 008 - FIXED-LENGTH DATA ELEMENTS--GENERAL INFORMATION | |
| fixed length control field | 160901s2011 ||||||||||||||||| || u |
| 020 ## - INTERNATIONAL STANDARD BOOK NUMBER | |
| International Standard Book Number | 9781844487714 |
| 050 ## - LIBRARY OF CONGRESS CALL NUMBER | |
| Classification number | ND 1500 Ber |
| 100 ## - MAIN ENTRY--PERSONAL NAME | |
| Personal name | Berry, Robin |
| 245 10 - TITLE STATEMENT | |
| Title | Compendium of watercolour techniques: over 200 tips, techniques and trade secrets |
| Statement of responsibility, etc. | By Robin Berry |
| 260 ## - PUBLICATION, DISTRIBUTION, ETC. | |
| Place of publication, distribution, etc. | Kent |
| Name of publisher, distributor, etc. | Search Press |
| Date of publication, distribution, etc. | 2011 |
| 300 ## - PHYSICAL DESCRIPTION | |
| Extent | 176p.: ill. |
| 650 ## - SUBJECT ADDED ENTRY--TOPICAL TERM | |
| Topical term or geographic name entry element | PAINTING--TECHNIQUES |
| 650 ## - SUBJECT ADDED ENTRY--TOPICAL TERM | |
| Topical term or geographic name entry element | WATERCOLOUR PAINTING--HANDBOOKS, MANUALS, ETC |
| 650 #0 - SUBJECT ADDED ENTRY--TOPICAL TERM | |
| Topical term or geographic name entry element | WATERCOLOUR PAINTING--TECHNIQUE |
| 995 ## - RECOMMENDATION 995 [LOCAL, UNIMARC FRANCE] | |
| -- | CBU-MAIN LIBRARY (Kitwe) |
| -- | 1 |
| -- | REFERENCE |
| -- | Sep 26, 2016 |
| -- | Reference Collection |
| Withdrawn status | Lost status | Source of classification or shelving scheme | Damaged status | Not for loan | Home library | Current library | Shelving location | Date acquired | Total Checkouts | Full call number | Barcode | Date last seen | Price effective from | Koha item type |
|---|---|---|---|---|---|---|---|---|---|---|---|---|---|---|
| CBU-MAIN LIBRARY, KITWE. | CBU-MAIN LIBRARY, KITWE. | 11/30/2022 | ND 1500 Ber | 746911 | 11/30/2022 | 11/30/2022 | MONOGRAPH |